| 000 | 00559caa a22001932a 4500 | ||
|---|---|---|---|
| 001 | 000193 | ||
| 003 | AR-FADEU | ||
| 008 | 311216n############xxu####################dd | ||
| 092 | _aPP(330.8)INT | ||
| 100 | _aRojas, Juan Francisco | ||
| 245 | _bCooperación entre las administraciones aduaneras nacionales para la ejecución de normas comunes y lucha contra el fraude* | ||
| 245 | _aIntegración Latinoamericana | ||
| 300 | _a23-27 | ||
| 440 | _vaño 19 | ||
| 440 | _n200 | ||
| 260 | _cmay de 1994 | ||
| 650 | _aADUANAS-COOPERACION | ||
| 942 | _cPPGR | ||
| 999 |
_c2971 _d2971 |
||